000 00588nam a22002177a 4500
003 UA-OsUOA
001 44026
007 ta
008 20091223b un ||||| |||| 00| 0 ukr d
090 _a94(477).15
942 _cBK
040 _aUA-OsUOA
_bukr
_cUA-OsUOA
_dUA-OsUOA
245 _aІХ Конгрес СКУ
_b20-22 серпня 2008 року Український Дім
300 _a320 с.
955 _a4
041 _aukr
080 _a94(477).15
246 3 1 _aЗвіти 2003-2008
650 7 _a9 Географія. Біографії. Історія
_2UDC
999 _c423877
_d423877